000 00442nam a2200145Ia 4500
008 090122s9999 xx 000 0 und d
082 _b6738
_a891.461
100 _aचौगुले
_bसुमति
_cडॉ
245 _aभाव गितांजली
600 _aचौगुले
630 _aभाव गितांजली
700 _aचौगुले
730 _aभाव गितांजली
942 _cBOOK
999 _c30815
_d30815